000 00791nam a2200229 i 4500
001 23872
003 ES-MaACL
005 20230906152941.0
007 t|
008 021213s1980 sp ||||1| spa d
245 0 0 _aAnimación socio-cultural /
_c[Consejo de Europa ; versión Félix Abad García].
260 _aMadrid :
_bMinisterio de Cultura, Secretaría General Técnica,
_c[1980]
300 _a418 p. ;
_c19 cm.
490 1 _aCultura y comunicación ;
_v7
650 _aAnimación cultural.
_99828
700 1 _aAbad García, Félix.
_917925
710 1 _aEspaña.
_bMinisterio de Cultura.
_bSecretaría General Técnica.
_93852
710 2 _aConsejo de Europa.
_93186
830 1 _aCultura y comunicación ;
_v7
_9181260
852 _aES-MaACL
_jL-1094
999 _c23872
_d23872